000 00533nam a22001697a 4500
008 150930b xxu||||| |||| 00| 0 eng d
020 _a0070159165
041 0 _aeng
080 _a004
100 1 _aDavis, Gordon Bitter.
245 1 0 _aPersonal productivity with information technology /
_cGordon B. Davis, J. David Naumann.
260 _aNew York, N.Y. :
_bMcGraw-Hill Companies, Inc.,
_c1997.
300 _axv, 528 f :
_bme il.;
_c24 cm.
650 0 _aTeknologjia e informacionit
700 1 _aNaumann, Justus D.
942 _2udc
_cBK
999 _c1195
_d1195